000 00423nam a2200157 4500
001 137715
003 ES-MaACL
007 t|
008 070214s1975 sp r ||||1| spa d
100 1 _aSalgado, Enrique.
_9101895
245 1 0 _aRadiografía del `Che` /
_cEnrique Salgado.
250 _a4ª ed.
260 _aBarcelona :
_bDopesa,
_c1975.
300 _a191 p., 3 lám. ;
_c22 cm.
852 _aES-MaACL
_jE-7730
_bR.91979
999 _c137715
_d137715